Geographies of peace / (Record no. 16431)
[ view plain ]
| 000 -LEADER | |
|---|---|
| fixed length control field | 01042cam a2200337 i 4500 |
| 001 - CONTROL NUMBER | |
| control field | 10939942 |
| 005 - DATE AND TIME OF LATEST TRANSACTION | |
| control field | 20170105102939.0 |
| 008 - FIXED-LENGTH DATA ELEMENTS--GENERAL INFORMATION | |
| fixed length control field | 140627s2014 enka b 001 0 eng d |
| 020 ## - INTERNATIONAL STANDARD BOOK NUMBER | |
| International Standard Book Number | 1780761430 |
| 020 ## - INTERNATIONAL STANDARD BOOK NUMBER | |
| International Standard Book Number | 9781780761435 |
| 024 ## - OTHER STANDARD IDENTIFIER | |
| Standard number or code | 40023966307 |
| 035 ## - SYSTEM CONTROL NUMBER | |
| System control number | (OCoLC)884556062 |
| 035 ## - SYSTEM CONTROL NUMBER | |
| System control number | (OCoLC)ocn884556062 |
| 035 ## - SYSTEM CONTROL NUMBER | |
| System control number | (NNC)10939942 |
| 040 ## - CATALOGING SOURCE | |
| Original cataloging agency | YDXCP |
| Language of cataloging | eng |
| Description conventions | rda |
| Transcribing agency | YDXCP |
| Modifying agency | CDX |
| -- | OCLCQ |
| -- | OCLCO |
| -- | NDD |
| -- | NhCcYBP |
| 050 #4 - LIBRARY OF CONGRESS CALL NUMBER | |
| Classification number | JZ5566.4 |
| Item number | .G46 2014 |
| 082 04 - DEWEY DECIMAL CLASSIFICATION NUMBER | |
| Classification number | 303.66 |
| Edition number | 23 |
| Author Mark | GEO 2014 |
| 245 00 - TITLE STATEMENT | |
| Title | Geographies of peace / |
| Statement of responsibility, etc. | edited by Fiona McConnell, Nick Megoran and Philippa Williams. |
| 260 ## - PUBLICATION, DISTRIBUTION, ETC. | |
| Place of publication, distribution, etc. | New York |
| Name of publisher, distributor, etc. | I.B. Tauris and Company |
| Date of publication, distribution, etc. | 2014 |
| 300 ## - PHYSICAL DESCRIPTION | |
| Extent | xviii, 296 pages ; |
| Dimensions | 24 cm |
| 504 ## - BIBLIOGRAPHY, ETC. NOTE | |
| Bibliography, etc. note | Includes bibliographical references and index. |
| 650 #0 - SUBJECT ADDED ENTRY--TOPICAL TERM | |
| Topical term or geographic name entry element | Peace. |
| 650 #0 - SUBJECT ADDED ENTRY--TOPICAL TERM | |
| Topical term or geographic name entry element | Geopolitics. |
| 700 1# - ADDED ENTRY--PERSONAL NAME | |
| Personal name | McConnell, Fiona, |
| Relator term | editor. |
| 700 1# - ADDED ENTRY--PERSONAL NAME | |
| Personal name | Megoran, Nick, |
| Relator term | editor. |
| 700 1# - ADDED ENTRY--PERSONAL NAME | |
| Personal name | Williams, Philippa, |
| Relator term | editor. |
| 942 ## - ADDED ENTRY ELEMENTS (KOHA) | |
| Source of classification or shelving scheme | |
| Koha item type | Book |
| 948 1# - LOCAL PROCESSING INFORMATION (OCLC); SERIES PART DESIGNATOR (RLIN) | |
| Series part designator, SPT (RLIN) | 20140916 |
| b (OCLC) | c |
| c (OCLC) | ybp22 |
| d (OCLC) | MPS |
| 949 ## - LOCAL PROCESSING INFORMATION (OCLC) | |
| i | 0073835455 |
| Withdrawn status | Lost status | Damaged status | Not for loan | Collection code | Permanent Location | Current Location | Shelving location | Date acquired | Total Checkouts | Full call number | Barcode | Date last seen | Date last checked out | Price effective from | Koha item type |
|---|---|---|---|---|---|---|---|---|---|---|---|---|---|---|---|
| Centre for International Peace & Stability (CIPS) | Centre for International Peace & Stability (CIPS) | General Stacks | 06/30/2016 | 1 | 303.66 GEO 2014 | CIPS0002853 | 09/11/2025 | 08/28/2025 | 07/26/2016 | Book |
